书目信息 |
| 题名: |
杨超考研数学高等数学超解读
|
|
| 作者: | 杨超 主编 | |
| 分册: | 下 基础篇 | |
| 出版信息: | 北京 北京理工大学出版社 2018.05 |
|
| 页数: | 132页 | |
| 开本: | 26cm | |
| 丛书名: | 考研数学系列图书 | |
| 单 册: | ||
| 中图分类: | O13 | |
| 科图分类: | ||
| 主题词: | 高等数学--gao deng shu xue--研究生--入学考试--教学参考资料 | |
| 电子资源: | ||
| ISBN: | 978-7-5682-5464-9 | |
| 000 | 01394nam 2200253 450 | |
| 001 | 012018000245 | |
| 005 | 20200925093015.84 | |
| 010 | @a978-7-5682-5464-9@dCNY21.90 | |
| 100 | @a20180606d2018 em y0chiy50 ea | |
| 101 | 0 | @achi |
| 102 | @aCN@b110000 | |
| 105 | @aa z 000yy | |
| 200 | 1 | @a杨超考研数学高等数学超解读@Ayang chao kao yan shu xue gao deng shu xue chao jie du@h下@i基础篇@f主编杨超@Fzhu bian yang chao |
| 210 | @a北京@c北京理工大学出版社@d2018.05 | |
| 215 | @a132页@c图@d26cm | |
| 225 | 2 | @a考研数学系列图书@Akao yan shu xue xi lie tu shu |
| 330 | @a近年来考研数学的命题范式和内容, 已经清楚地彰显了数学试卷题目中低难度, 客观题型对“三基”(基本概念与定义、基本定理与性质、基本方法与结论) 拓展的高要求, 主观题型对考点灵活综合。显然, 仅仅靠普通的大学数学教学的教材, 肯定不能达到考研数学的要求, 如何在教材基础上拓展和过渡到考研数学大纲应试的范围和要求, 正是作者编写本书的宗旨。本书围绕考研要求, 较为全面地讲述了考研数学涉及的重要知识点。本册主要包括四章内容, 分别是函数、极限 和连续, 一元函数微分学, 一元函数积分学, 微积分中值定理等。内容讲述深入浅出, 实例丰富, 适合考研学生复习参考。 | |
| 410 | 0 | @12001 @a考研数学系列图书 |
| 517 | 1 | @a基础篇@Aji chu pian |
| 606 | 0 | @a高等数学@Agao deng shu xue@x研究生@x入学考试@j教学参考资料 |
| 690 | @aO13@v5 | |
| 701 | 0 | @a杨超@Ayang chao@4主编 |
| 801 | 0 | @aCN@c20180922 |
| 905 | @a河南城建学院图书馆@b21395823-24@dO13@eY156:2@f2 | |
| 杨超考研数学高等数学超解读.下.基础篇/主编杨超.-北京:北京理工大学出版社,2018.05 |
| 132页:图;26cm.-(考研数学系列图书) |
| ISBN 978-7-5682-5464-9:CNY21.90 |
| 近年来考研数学的命题范式和内容, 已经清楚地彰显了数学试卷题目中低难度, 客观题型对“三基”(基本概念与定义、基本定理与性质、基本方法与结论) 拓展的高要求, 主观题型对考点灵活综合。显然, 仅仅靠普通的大学数学教学的教材, 肯定不能达到考研数学的要求, 如何在教材基础上拓展和过渡到考研数学大纲应试的范围和要求, 正是作者编写本书的宗旨。本书围绕考研要求, 较为全面地讲述了考研数学涉及的重要知识点。本册主要包括四章内容, 分别是函数、极限 和连续, 一元函数微分学, 一元函数积分学, 微积分中值定理等。内容讲述深入浅出, 实例丰富, 适合考研学生复习参考。 |
| ● |
| 相关链接 |
|
|
|
正题名:杨超考研数学高等数学超解读
索取号:O13/Y156:2
 
预约/预借
| 序号 | 登录号 | 条形码 | 馆藏地/架位号 | 状态 | 备注 |
| 1 | 1348443 | 213484433 | 自科库401/401自科库 107排8列2层/ [索取号:O13/Y156:2] | 在馆 | |
| 2 | 1395823 | 213958234 | 自科库401/401自科库 107排8列2层/ [索取号:O13/Y156:2] | 在馆 | |
| 3 | 1395824 | 213958243 | 自科库401/401自科库 107排8列2层/ [索取号:O13/Y156:2] | 在馆 |